000 01169nac a22003011i 4500
003 EG-ScBUE
005 20250219093253.0
008 250210t2006 njuad f b 001 0 eng d
020 _a0131481894
020 _a9780131481893
040 _aEG-ScBUE
_beng
_erda
_cEG-ScBUE
_dEG-ScBUE
082 0 4 _a526.9
_bWOL
_222
100 1 _aWolf, Paul R.,
_eauthor.
245 1 0 _aElementary surveying :
_ban introduction to geomatics /
_cPaul R. Wolf, Professor Emeritus, Civil and Environmental Engineering University of Wisconsin-Madison, Charles D. Ghilani, surveying program chair The Pennsylvania State University.
250 _aEleventh edition.
264 1 _aUpper Saddle River, New Jersey :
_bPearson Education, Inc..,
_c[2006]
264 4 _cc2006
300 _axxiii, 916 pages :
_bcharts, illustrations (some color) ;
_c25 cm
336 _2rdacontent
_atext
_btxt
337 _aunmediated
_2rdamedia
_bn
338 _avolume
_bnc
_2rdacarrier
504 _aIncludes bibliographical references and index.
650 7 _aSurveying.
_2BUEsh
650 7 _aGeomatics.
_2BUEsh
655 _vReading book
700 1 _aGhilani, Charles D.,
_eauthor.
942 _cBB
_2ddc
999 _c2560
_d2560